000 00469nam a2200169Ia 4500
008 240729s9999 xx 000 0 und d
022 _a1994-0424
245 4 _aThe Cryosphere
260 _aGermany
260 _bCopernicus Publications
650 _a Environmental sciences | Science
650 _a Geology
650 _aGeography. Anthropology. Recreation
856 _uhttps://doaj.org/toc/e55ba36d6ad249a7b2f7a99ebf1ca5f1
942 _2ddc
942 _cDOAJEJ
999 _c68359
_d68359
945 _a1
_bMadushi Gamage
_c1
_dMadushi Gamage